000 00276nam a2200121Ia 4500
008 220216s9999 xx 000 0 und d
100 _aConstable D H
245 0 _aCover crops or weeds
260 _bPlanter
_c1956
300 _a145-149
650 _aCover crops
942 _cJS
999 _c56468
_d56468